Welcome to CU Library Online Public Access Catalogue (OPAC)

Principles of money, banking, and financial markets / (Record no. 3654)

MARC details
000 -LEADER
fixed length control field 00798cam a22002534a 4500
001 - CONTROL NUMBER
control field 4995456
005 - DATE AND TIME OF LATEST TRANSACTION
control field 20250208111612.0
008 - FIXED-LENGTH DATA ELEMENTS--GENERAL INFORMATION
fixed length control field 990517s2000 maua b 001 0 eng
020 ## - INTERNATIONAL STANDARD BOOK NUMBER
International Standard Book Number 0321020200 (hardbound)
050 00 - LIBRARY OF CONGRESS CALL NUMBER
Classification number HG221
Item number .R536 2000
082 00 - DEWEY DECIMAL CLASSIFICATION NUMBER
Classification number 332
Edition information 21
100 1# - MAIN ENTRY--PERSONAL NAME
Personal name Ritter, Lawrence S.
245 10 - TITLE STATEMENT
Title Principles of money, banking, and financial markets /
Statement of responsibility, etc. Lawrence S. Ritter, William L. Silber, Gregory F. Udell.
250 ## - EDITION STATEMENT
Edition statement 10th ed.
260 ## - PUBLICATION, DISTRIBUTION, ETC.
Place of publication, distribution, etc. Reading, Mass. :
Name of publisher, distributor, etc. Addison Wesley Longman,
Date of publication, distribution, etc. c2000.
300 ## - PHYSICAL DESCRIPTION
Extent xxviii, 627 p. :
Other physical details ill. ;
Dimensions 24 cm.
440 #4 - SERIES STATEMENT/ADDED ENTRY--TITLE
Title The Addison-Wesley series in economics
650 #0 - SUBJECT ADDED ENTRY--TOPICAL TERM
Topical term or geographic name entry element Money.
650 #0 - SUBJECT ADDED ENTRY--TOPICAL TERM
Topical term or geographic name entry element Banks and banking.
650 #0 - SUBJECT ADDED ENTRY--TOPICAL TERM
Topical term or geographic name entry element Finance.
700 1# - ADDED ENTRY--PERSONAL NAME
Personal name Silber, William L.
700 1# - ADDED ENTRY--PERSONAL NAME
Personal name Udell, Gregory F.,
Dates associated with a name 1946-
942 ## - ADDED ENTRY ELEMENTS (KOHA)
Source of classification or shelving scheme Library of Congress Classification
Koha item type Books
Suppress in OPAC No
999 ## -
-- 3654
-- 3654
Holdings
Withdrawn status Lost status Source of classification or shelving scheme Damaged status Not for loan Collection Home library Current library Shelving location Date acquired Total checkouts Full call number Barcode Date last seen Copy number Price effective from Koha item type
    Library of Congress Classification     Non-fiction Undergraduate Library (Christ Temple) Undergraduate Library (Christ Temple) General stacks 02/08/2025   HG221 RIT ulct00001108 02/08/2025 1 02/08/2025 Books
© 2023-2024 Copyright: Central University Libraries. All Rights Reserved | Created by: Mahone Tech Office